Countries The Beatles Visited - Statistics

General Stats
  • This quiz has been taken 369 times
    308 since last reset
  • The average score is 13 of 16
Answer Stats
Continent Country % Correct
North America United States of America
97%
Oceania Australia
95%
Europe Germany
95%
North America Canada
94%
Europe France
91%
Asia Japan
91%
Asia China
84%
Europe Spain
83%
Europe Italy
82%
Europe United Kingdom
81%
Oceania New Zealand
79%
Europe Ireland
66%
Europe Sweden
63%
Europe the Netherlands
61%
Europe Denmark
59%
Asia the Philippines
38%
No matching quizzes found
Score Distribution
Percent of People with Each Score
Percentile by Number Answered
Your Score History
You have not taken this quiz since the last reset